000 00642nam a2200241Ia 4500
003 OSt
005 20250422144219.0
008 220927b |||||||| |||| 00| 0 eng d
020 _a0138097313
037 _cTextual
040 _aSDCL
_cSDCL
_beng
041 _2eng
_aeng
084 _aD651:911 M3
100 _aOppenheim, Alan V.
_9752716
245 0 _aSignals and systems.
260 _aLondon :
_bPrentice-Hall,
_c1983.
300 _axix,796p.
490 _aPrentice-Hall signal processing series
700 _aWillsky, Alan S.
_9752717
700 _aYoung, Ian T.
_9752718
942 _cTEXL
_2CC
_n0
999 _c819125
_d819125